Normal view
MARC view
- تأليف هو،غراهام ؛ ترجمة محي الدين صبحي
Entry Personal Name
001 - CONTROL NUMBER
- control field: 14229
003 - CONTROL NUMBER IDENTIFIER
- control field: JO-AjAnu
005 - DATE AND TIME OF LATEST TRANSACTION
- control field: 20230606072555.0
008 - FIXED-LENGTH DATA ELEMENTS
- fixed length control field: 230606|| aca||aabn | a|a d
040 ## - CATALOGING SOURCE
- Original cataloging agency: JO-AjAnu
- Transcribing agency: JO-AjAnu
100 ## - HEADING--PERSONAL NAME
- Personal name: تأليف هو،غراهام ؛ ترجمة محي الدين صبحي
670 ## - SOURCE DATA FOUND
- Source citation: Work cat.: (JO-AjAnu)7313: تأليف هو،غراهام ؛ ترجمة محي الدين صبحي, author, مقالة في النقد